000 00689nam a2200229 a 4500
001 19187
003 CO-ViMGA
008 141112s2004 ck r 000 u spa d
020 _a9701507002
040 _aCO-ViMGA
_bspa
_cCO-ViMGA
082 0 4 _a649.64 M177d
100 1 _aMartinez, Baudilio
_927526
245 1 0 _aDisciplina con amor :
_bEducar con límites
260 _aMadrid :
_bAlfaomega,
_cNarcea; 2002
300 _a79 p.
590 _aForma de adquisición : proyecto 2005 - - Precio :
_16.200
650 1 4 _aAPTITUDES Y EDAD
_927527
650 1 4 _aCRIANZA DE NIÑOS
_919664
650 1 4 _aDISCIPLINA INFANTIL
_927528
650 1 4 _aeducación EN EL HOGAR
_927529
942 _2ddc
_cBK
999 _c28349
_d28349